| 000 | 00707nam a2200253Ia 4500 | ||
|---|---|---|---|
| 003 | OSt | ||
| 005 | 20221007111013.0 | ||
| 006 | a|||||r|||| 00| 0 | ||
| 007 | ta | ||
| 008 | 221006b |||||||| |||| 00| 0 eng d | ||
| 024 | _a22,360 | ||
| 037 | _cTextual | ||
| 040 |
_aLCO _cLCO _beng |
||
| 041 |
_2eng _aeng |
||
| 082 | _aX7291.4452, K8 | ||
| 100 |
_aAgarwala S.K. _9438108 |
||
| 245 | 0 | _aLaw and Practice relating to Sales Tax in Uttar Pradesh | |
| 250 | _a4th | ||
| 260 |
_aAllahabad _bCentral Law Agency India _c1968 |
||
| 300 | _avarious | ||
| 650 |
_aSALES TAX _9258895 |
||
| 942 |
_hX7291.4452, K8 _cTEXL |
||
| 999 |
_c1191923 _d1191923 |
||